Southville International School and Colleges
Your cart is empty.
  • Cart
  • Lists
    Public lists Eva Luna New books Lux_list list_1
    Your lists Log in to create your own lists
  • Log in to your account
  • Your cookies
  • Search history
Southville International School and Colleges
  • Advanced search
  • Recent comments
  • Most popular
  • Libraries

Log in to your account

Log in with GOOGLE


If you do not have an external account, but do have a local account, you can still log in:

  1. Home
  2. MARC view: The Complete guide to successful event planning /
Normal view MARC view ISBD view

The Complete guide to successful event planning / (Record no. 356701)

[ view plain ]
MARC details
000 -LEADER
fixed length control field 00947nam a2200265Ia 4500
008 - FIXED-LENGTH DATA ELEMENTS--GENERAL INFORMATION
fixed length control field 180523s9999 xx 000 0 und d
020 ## - INTERNATIONAL STANDARD BOOK NUMBER
International Standard Book Number 978-0-910627-92-4
050 ## - LIBRARY OF CONGRESS CALL NUMBER
Classification number MAIN GT 3405
050 ## - LIBRARY OF CONGRESS CALL NUMBER
Item number .K55 2006
100 ## - MAIN ENTRY--PERSONAL NAME
Personal name Kilkenny, Shannon.
245 #4 - TITLE STATEMENT
Title The Complete guide to successful event planning /
245 #0 - TITLE STATEMENT
Statement of responsibility, etc Shannon Kilkenny.
260 ## - PUBLICATION, DISTRIBUTION, ETC. (IMPRINT)
Place of publication, distribution, etc Florida :
260 ## - PUBLICATION, DISTRIBUTION, ETC. (IMPRINT)
Name of publisher, distributor, etc Atlantic Publishing,
260 ## - PUBLICATION, DISTRIBUTION, ETC. (IMPRINT)
Date of publication, distribution, etc 2006
300 ## - PHYSICAL DESCRIPTION
Extent 312 pages :
300 ## - PHYSICAL DESCRIPTION
Other physical details illustrations ;
300 ## - PHYSICAL DESCRIPTION
Dimensions 23 cm.
500 ## - GENERAL NOTE
General note Includes bibliographical references and index.
650 ## - SUBJECT ADDED ENTRY--TOPICAL TERM
Topical term or geographic name as entry element Meetings -- Planning -- Handbooks, manuals, etc.
650 ## - SUBJECT ADDED ENTRY--TOPICAL TERM
Topical term or geographic name as entry element Special events -- Planning -- Handbooks, manuals, etc.
650 ## - SUBJECT ADDED ENTRY--TOPICAL TERM
Topical term or geographic name as entry element Special events industry -- Vocational guidance -- Handbooks, manuals, etc.
650 ## - SUBJECT ADDED ENTRY--TOPICAL TERM
General subdivision Congresses and conventions -- Planning -- Handbooks, manulas, etc.
650 ## - SUBJECT ADDED ENTRY--TOPICAL TERM
General subdivision Special events -- Management -- Handbooks, manuals, etc.
Holdings
Withdrawn status Lost status Damaged status Home library Current library Shelving location Date acquired Cost, normal purchase price Total Checkouts Full call number Barcode Date last seen Price effective from Koha item type
      South Mansfield College South Mansfield College   01/09/2008 998.00   MAIN GT 3405 .K55 2006 SMC03773 05/23/2018 05/23/2018  

The Complete guide to successful event planning /

APA

Kilkenny S., .The Complete guide to successful event planning. Florida: .

Chicago

Kilkenny Shannon, .The Complete guide to successful event planning. Florida: .

Harvard

Kilkenny S., .The Complete guide to successful event planning. Florida: .

MLA

Kilkenny Shannon, .Florida: . .

  • Place hold
  • Print
  • Cite
  • Add to your cart (remove)
  • Save record
    BIBTEX Dublin Core MARCXML MARC (non-Unicode/MARC-8) MARC (Unicode/UTF-8) MARC (Unicode/UTF-8, Standard) MODS (XML) RIS
  • More searches
    Search for this title in:
    Other Libraries (WorldCat) Other Databases (Google Scholar) Online Stores (Bookfinder.com) Open Library (openlibrary.org)

Exporting to Dublin Core...

SOUTHVILLE LIBRARY

Southville International School and Colleges Library

1281 Tropical Ave. Cor. Luxembourg St., BF Homes International, Las Pinas City

Tel. No. 8256374 / 252358 Loc. 117/146

Powered by Koha